[Event "HUN-chT2 Barcza 1819"]
[Site "Hungary"]
[Date "2018.12.02"]
[Round "5.6"]
[White "Toth, Tibor3333"]
[Black "Kiripolszky, Tamas"]
[Result "1-0"]
[WhiteElo "1877"]
[BlackElo "1842"]
[PlyCount "69"]
[EventDate "2018.09.23"]
[EventType "team-tourn"]
[EventRounds "11"]
[EventCountry "HUN"]
[SourceTitle "CBM 189 Extra"]
[Source "ChessBase"]
[SourceDate "2019.06.03"]
[SourceVersion "1"]
[SourceVersionDate "2019.06.03"]
[SourceQuality "1"]
[WhiteTeam "Nyiregyhaza"]
[BlackTeam "Hajduszoboszlo"]
[WhiteTeamCountry "HUN"]
[BlackTeamCountry "HUN"]

1. e4 c5 2. Nf3 e6 3. d4 cxd4 4. Nxd4 a6 5. c4 Nc6 6. Be3 Bb4+ 7. Nd2 Qa5 8. a3 Bxd2+ 9. Qxd2 Qxd2+ 10. Kxd2 Nf6 11. Nxc6 dxc6 12. e5 Ng4 13. Bd4 0-0 14. f4 f6 15. Be2 fxe5 16. fxe5 c5 17. Bxc5 Rd8+ 18. Kc3 Nxe5 19. Rad1 Re8 20. Rhe1 Nd7 21. Bd6 b6 22. Bf3 Ra7 23. Bc6 h6 24. Bb8 Nxb8 25. Bxe8 Rc7 26. Bg6 Nc6 27. Rd6 Kf8 28. Be4 Ne5 29. Rxb6 Nxc4 30. Rc6 Rxc6 31. Bxc6 Nd6 32. Kd4 Ke7 33. Kc5 Nf5 34. Kb6 Nd6 35. Kc7 1-0

[Event "HUN-chT2 Barcza 1819"]
[Site "Hungary"]
[Date "2018.11.18"]
[Round "4.6"]
[White "Kiripolszky, Tamas"]
[Black "Kun, Sandor2222"]
[Result "0-1"]
[WhiteElo "1842"]
[BlackElo "1967"]
[PlyCount "80"]
[EventDate "2018.09.23"]
[EventType "team-tourn"]
[EventRounds "11"]
[EventCountry "HUN"]
[SourceTitle "CBM 189 Extra"]
[Source "ChessBase"]
[SourceDate "2019.06.03"]
[SourceVersion "1"]
[SourceVersionDate "2019.06.03"]
[SourceQuality "1"]
[WhiteTeam "Hajduszoboszlo"]
[BlackTeam "Debrecen Sakkiskola"]
[WhiteTeamCountry "HUN"]
[BlackTeamCountry "HUN"]

1. e4 e5 2. d4 exd4 3. c3 dxc3 4. Bc4 d5 5. Bxd5 cxb2 6. Bxb2 Nf6 7. Bxf7+ Kxf7 8. Qxd8 Bb4+ 9. Qd2 Bxd2+ 10. Nxd2 Re8 11. f3 Na6 12. Ne2 Nb4 13. 0-0 b6 14. Bc3 Nd3 15. Rfd1 Ba6 16. Nd4 c5 17. Nf5 Rad8 18. a4 Nf4 19. Kf2 h5 20. g3 Nd3+ 21. Kg2 g6 22. Ne3 Ne5 23. Nb3 Rxd1 24. Rxd1 Be2 25. Bxe5 Bxd1 26. Nxd1 Rxe5 27. Nc3 Re7 28. Kf2 Rd7 29. Ke3 Ke6 30. h4 a6 31. a5 c4 32. Nd4+ Kd6 33. axb6 Kc5 34. Ne6+ Kxb6 35. Nf4 Kc5 36. Na4+ Kb4 37. Nb6 Rd6 38. e5 Rxb6 39. exf6 Kb3 40. Nxg6 Rxf6 0-1

[Event "HUN-chT2 Barcza 1718"]
[Site "Hungary"]
[Date "2017.12.03"]
[Round "5.6"]
[White "Kiripolszky, Tamas"]
[Black "Papp, Abel"]
[Result "0-1"]
[WhiteElo "1820"]
[BlackElo "2125"]
[PlyCount "114"]
[EventDate "2017.09.24"]
[EventType "team-tourn"]
[EventRounds "11"]
[EventCountry "HUN"]
[SourceTitle "EXT 2021"]
[Source "ChessBase"]
[SourceDate "2020.10.23"]
[SourceVersion "1"]
[SourceVersionDate "2020.10.23"]
[SourceQuality "1"]
[WhiteTeam "Hajduszoboszlo"]
[BlackTeam "Lillafured DVTK II"]
[WhiteTeamCountry "HUN"]
[BlackTeamCountry "HUN"]

1. e4 d5 2. Nf3 dxe4 3. Ng5 Nf6 4. Nc3 Bf5 5. Bc4 e6 6. f3 Bc5 7. Qe2 0-0 8. Ngxe4 Bd4 9. d3 Nd5 10. a3 Nc6 11. Bd2 a6 12. h4 b5 13. Ba2 b4 14. axb4 Ndxb4 15. Bb3 Bb6 16. Na4 Nd4 17. Qd1 Nxb3 18. Bxb4 Nxa1 19. Bxf8 Nxc2+ 20. Qxc2 Qxf8 21. Nxb6 Qb4+ 22. Ke2 cxb6 23. Rc1 h6 24. g4 Bxe4 25. fxe4 Rd8 26. g5 hxg5 27. hxg5 Qd6 28. g6 Qh2+ 29. Ke3 Qg3+ 30. Ke2 Qxg6 31. Rf1 Qh5+ 32. Ke3 Qg5+ 33. Ke2 Qe5 34. Qb3 Qc5 35. Rd1 Rd4 36. Rd2 Rb4 37. Qa3 a5 38. Qa1 Qh5+ 39. Ke3 Qh3+ 40. Ke2 Qg4+ 41. Ke3 Rb5 42. Qf1 Qg5+ 43. Ke2 Qe5 44. Qc1 Rc5 45. Qh1 Qh5+ 46. Qxh5 Rxh5 47. Ke3 e5 48. Kf3 Rh6 49. Kg4 Rf6 50. Rc2 g6 51. Rc4 Rd6 52. Rc3 Kg7 53. Rb3 Kf6 54. Rc3 a4 55. b4 b5 56. Rc5 a3 57. Rxb5 Ra6 0-1

[Event "HUN-chT2 Barcza 1617"]
[Site "Hungary"]
[Date "2016.09.25"]
[Round "1.10"]
[White "Kiripolszky, Tamas"]
[Black "Solyom, Sandor"]
[Result "0-1"]
[WhiteElo "1914"]
[BlackElo "1712"]
[PlyCount "74"]
[EventDate "2016.09.25"]
[EventType "team-tourn"]
[EventRounds "11"]
[EventCountry "HUN"]
[SourceTitle "EXT 2021"]
[Source "ChessBase"]
[SourceDate "2020.10.23"]
[SourceVersion "1"]
[SourceVersionDate "2020.10.23"]
[SourceQuality "1"]
[WhiteTeam "Hajduszoboszlo"]
[BlackTeam "Sajobabony"]
[WhiteTeamCountry "HUN"]
[BlackTeamCountry "HUN"]

1. e4 e6 2. Nf3 d5 3. e5 c5 4. b4 cxb4 5. a3 bxa3 6. Bxa3 Bxa3 7. Nxa3 Bd7 8. c3 Ne7 9. d4 a6 10. Bd3 Nbc6 11. 0-0 0-0 12. Ng5 g6 13. f4 Nf5 14. Qe1 Nce7 15. g4 Nh6 16. Qh4 Kg7 17. Ra2 Rh8 18. f5 exf5 19. Nxf7 Nxf7 20. Qf6+ Kh6 21. Rf3 Ng5 22. Rg3 Qf8 23. gxf5 Qxf6 24. exf6 Nxf5 25. Rg4 Nf3+ 26. Kh1 Rae8 27. Be2 Re3 28. Rf4 N3h4 29. Bf1 Kg5 30. Raf2 Kxf6 31. Nb1 Re4 32. Rxe4 dxe4 33. Nd2 Bc6 34. Rf4 Kg5 35. Rxe4 Bxe4+ 36. Nxe4+ Kf4 37. Nd6 Nxd6 0-1

[Event "HUN-chT2 Barcza 1516"]
[Site "Hungary"]
[Date "2015.10.18"]
[Round "3.8"]
[White "Kiripolszky, Tamas"]
[Black "Mozer, Sandor"]
[Result "1/2-1/2"]
[WhiteElo "1942"]
[BlackElo "2021"]
[PlyCount "27"]
[EventDate "2015.09.13"]
[EventType "team-tourn"]
[EventRounds "11"]
[EventCountry "HUN"]
[SourceTitle "CBM 170 Extra"]
[Source "ChessBase"]
[SourceDate "2016.02.25"]
[SourceVersion "1"]
[SourceVersionDate "2016.02.25"]
[SourceQuality "1"]
[WhiteTeam "Hajduszoboszlo"]
[BlackTeam "Nyiregyhaza"]
[WhiteTeamCountry "HUN"]
[BlackTeamCountry "HUN"]

1. e4 d6 2. d4 Nf6 3. f3 c5 4. c3 Qc7 5. Be3 e5 6. Bd3 Be7 7. Ne2 0-0 8. 0-0 Re8 9. Nd2 b6 10. Rc1 Ba6 11. Bb1 Nbd7 12. Re1 Rac8 13. d5 Bxe2 14. Qxe2 1/2-1/2

[Event "HUN-chT2 Barcza 1415"]
[Site "Hungary"]
[Date "2015.01.25"]
[Round "?"]
[White "Darai, Tihamer"]
[Black "Kiripolszky, Tamas"]
[Result "1/2-1/2"]
[WhiteElo "1860"]
[BlackElo "1918"]
[PlyCount "41"]
[EventDate "2014.09.07"]
[EventType "team-tourn"]
[EventRounds "11"]
[EventCountry "HUN"]
[SourceTitle "EXT 2016"]
[Source "ChessBase"]
[SourceDate "2015.10.08"]
[SourceVersion "1"]
[SourceVersionDate "2015.10.08"]
[SourceQuality "1"]
[WhiteTeam "Nyiregyhaza"]
[BlackTeam "Hajduszoboszlo"]
[WhiteTeamCountry "HUN"]
[BlackTeamCountry "HUN"]

1. e4 c5 2. Nf3 e6 3. d4 cxd4 4. Nxd4 a6 5. c4 Nf6 6. f3 Bc5 7. Be3 Qc7 8. Nc3 d6 9. a3 Nc6 10. b4 Ba7 11. Qd2 0-0 12. Be2 Bd7 13. Rc1 Ne5 14. 0-0 Rac8 15. Rfd1 Rfd8 16. Nc2 Bb8 17. c5 d5 18. f4 Nc4 19. Bxc4 dxc4 20. e5 Bc6 21. Qe2 1/2-1/2

[Event "HUN-chT2 Barcza 1415"]
[Site "Hungary"]
[Date "2014.12.14"]
[Round "6"]
[White "Kiripolszky, Tamas"]
[Black "Csatlos, Bela Sr"]
[Result "1-0"]
[WhiteElo "1918"]
[BlackElo "1716"]
[PlyCount "39"]
[EventDate "2014.09.07"]
[EventType "team-tourn"]
[EventRounds "11"]
[EventCountry "HUN"]
[SourceTitle "EXT 2016"]
[Source "ChessBase"]
[SourceDate "2015.10.08"]
[SourceVersion "1"]
[SourceVersionDate "2015.10.08"]
[SourceQuality "1"]
[WhiteTeam "Hajduszoboszlo"]
[BlackTeam "Kazincbarcika"]
[WhiteTeamCountry "HUN"]
[BlackTeamCountry "HUN"]

1. e4 e5 2. d4 exd4 3. c3 d6 4. cxd4 g6 5. Bd3 Bg7 6. Nc3 Bd7 7. Nge2 Ne7 8. Be3 Nbc6 9. Qd2 0-0 10. Bh6 Nb4 11. Bb1 f5 12. a3 Nbc6 13. Ba2+ Kh8 14. h4 fxe4 15. h5 Be8 16. Bxg7+ Kxg7 17. Nf4 Rxf4 18. Qxf4 d5 19. h6+ Kg8 20. Qf6 1-0

[Event "HUN-chT2 Barcza 1314"]
[Site "Hungary"]
[Date "2014.02.02"]
[Round "6"]
[White "Papp, Laszlo3333"]
[Black "Kiripolszky, Tamas"]
[Result "0-1"]
[WhiteElo "1779"]
[BlackElo "1888"]
[PlyCount "132"]
[EventDate "2013.09.08"]
[EventType "team-tourn"]
[EventRounds "11"]
[EventCountry "HUN"]
[SourceTitle "EXT 2016"]
[Source "ChessBase"]
[SourceDate "2015.10.08"]
[SourceVersion "1"]
[SourceVersionDate "2015.10.08"]
[SourceQuality "1"]
[WhiteTeam "Nyiregyhaza SISE"]
[BlackTeam "Hajduszoboszlo"]
[WhiteTeamCountry "HUN"]
[BlackTeamCountry "HUN"]

1. e4 c5 2. Nf3 e6 3. d4 cxd4 4. Nxd4 a6 5. Bd3 Qc7 6. 0-0 Bc5 7. Nb3 Ba7 8. c4 Nc6 9. Nc3 Nf6 10. Kh1 h5 11. f4 Ng4 12. Qe2 d6 13. Nd1 Qb6 14. Bd2 Bd7 15. c5 Qd8 16. cxd6 Nxh2 17. Be1 Nxf1 18. Qxf1 e5 19. Nc3 Qf6 20. Nd5 Qxd6 21. fxe5 Qxe5 22. Bc3 Qg3 23. Be1 Qd6 24. Bc3 0-0-0 25. Rc1 f6 26. Ba5 Qg3 27. Bc7 Qh4+ 28. Bh2 Rde8 29. Bxa6 Bb8 30. Bxb7+ Kd8 31. Qg1 Bxh2 32. Qxh2 Qxh2+ 33. Kxh2 Ne5 34. Nc3 Ke7 35. Bd5 Rb8 36. Rd1 Be6 37. Bxe6 Kxe6 38. Kg3 Nc4 39. Nc5+ Kf7 40. b3 Ne5 41. Nd7 Nxd7 42. Rxd7+ Kg6 43. Ne2 Ra8 44. a4 Rhb8 45. Nf4+ Kh6 46. Rd3 Rb4 47. Ne6 Rxe4 48. Nc5 Rg4+ 49. Kf3 Ra5 50. Rc3 Rb4 51. g3 g5 52. Nd3 Rf5+ 53. Kg2 Re4 54. Nc5 Re2+ 55. Kg1 Rd5 56. Kf1 Rdd2 57. b4 Rb2 58. b5 Rh2 59. Kg1 Rhd2 60. Rc1 Rb4 61. Kf1 h4 62. gxh4 g4 63. Ke1 Rh2 64. Kd1 Rh1+ 65. Kd2 Rxc1 66. Kxc1 Rc4+ 0-1

[Event "HUN-chT2 Maroczy 1213"]
[Site "Hungary"]
[Date "2013.04.21"]
[Round "11"]
[White "Kiripolszky, Tamas"]
[Black "Kozak, Adam"]
[Result "0-1"]
[WhiteElo "1900"]
[BlackElo "2036"]
[PlyCount "80"]
[EventDate "2012.09.16"]
[EventType "team-tourn"]
[EventRounds "11"]
[EventCountry "HUN"]
[SourceTitle "EXT 2014"]
[Source "ChessBase"]
[SourceDate "2013.11.20"]
[SourceVersion "1"]
[SourceVersionDate "2013.11.20"]
[SourceQuality "1"]
[WhiteTeam "Hajduszoboszlo"]
[BlackTeam "Sarkany"]
[WhiteTeamCountry "HUN"]
[BlackTeamCountry "HUN"]

1. e4 c5 2. Bc4 e6 3. Nc3 Ne7 4. d4 cxd4 5. Nb5 Nec6 6. Bf4 d6 7. Nf3 Be7 8. e5 d5 9. Bd3 Qa5+ 10. Bd2 Qb6 11. Bg5 Bc5 12. 0-0 a6 13. Nd6+ Bxd6 14. exd6 Qxb2 15. Nh4 Nd7 16. Re1 Nf6 17. Bxf6 gxf6 18. Qh5 Bd7 19. Bxh7 Qxc2 20. Ng6 0-0-0 21. Nxh8 Rxh8 22. Bxc2 Rxh5 23. Bd1 Rh8 24. Bf3 Be8 25. Rab1 Ne5 26. Rec1+ Bc6 27. Bd1 Kd7 28. h3 Kxd6 29. a4 Nd3 30. Rc2 e5 31. Rd2 Nc5 32. a5 Ne4 33. Rc2 Nc3 34. Rbc1 Nxd1 35. Rxd1 Ba4 36. Rdc1 Bxc2 37. Rxc2 d3 38. Rb2 Rc8 39. Kh2 Rc2 40. Rb6+ Kc5 0-1

[Event "HUN-chT2 Maroczy 1213"]
[Site "Hungary"]
[Date "2012.09.16"]
[Round "1"]
[White "Kiripolszky, Tamas"]
[Black "Kaposztas, Miklos"]
[Result "1/2-1/2"]
[WhiteElo "1900"]
[BlackElo "2149"]
[PlyCount "80"]
[EventDate "2012.09.16"]
[EventType "team-tourn"]
[EventRounds "11"]
[EventCountry "HUN"]
[SourceTitle "EXT 2014"]
[Source "ChessBase"]
[SourceDate "2013.11.20"]
[SourceVersion "1"]
[SourceVersionDate "2013.11.20"]
[SourceQuality "1"]
[WhiteTeam "Hajduszoboszlo"]
[BlackTeam "Vasas"]
[WhiteTeamCountry "HUN"]
[BlackTeamCountry "HUN"]

1. e4 c5 2. Nf3 g6 3. d4 Bg7 4. c3 cxd4 5. cxd4 d5 6. Bb5+ Nd7 7. e5 a6 8. Bd3 Nb8 9. h3 Nc6 10. Bd2 Nh6 11. Bc3 0-0 12. 0-0 f6 13. Re1 fxe5 14. dxe5 e6 15. Na3 Nf7 16. Nc2 Qb6 17. Qd2 Bd7 18. Qe3 Qc7 19. Nb4 Bh6 20. Qe2 Ne7 21. Bd2 Bxd2 22. Qxd2 a5 23. Rac1 Qb6 24. Nc2 Nc6 25. h4 Qd8 26. Na3 Qb8 27. Qe3 Nb4 28. Bb1 Rc8 29. Nc2 Nc6 30. h5 Ne7 31. Ng5 Nf5 32. Qd2 Nxe5 33. Nd4 Rxc1 34. Rxc1 Qd6 35. Bxf5 exf5 36. hxg6 hxg6 37. Qf4 Nf7 38. Qxd6 Nxd6 39. Rc7 Rd8 40. Ndf3 Be8 1/2-1/2

[Event "HUN-chT2 Maroczy 1112"]
[Site "Hungary"]
[Date "2012.03.11"]
[Round "7"]
[White "Kiripolszky, Tamas"]
[Black "Pacal, Mihaly"]
[Result "1/2-1/2"]
[WhiteElo "1910"]
[BlackElo "2121"]
[PlyCount "31"]
[EventDate "2011.09.25"]
[EventType "team-tourn"]
[EventRounds "11"]
[EventCountry "HUN"]
[SourceTitle "EXT 2013"]
[Source "ChessBase"]
[SourceDate "2012.11.22"]
[SourceVersion "1"]
[SourceVersionDate "2012.11.22"]
[SourceQuality "1"]
[WhiteTeam "Hajduszoboszlo"]
[BlackTeam "Roszke"]
[WhiteTeamCountry "HUN"]
[BlackTeamCountry "HUN"]

1. e4 c5 2. Nf3 Nc6 3. c3 Nf6 4. e5 Nd5 5. d4 cxd4 6. cxd4 d6 7. Be2 g6 8. 0-0 Bg7 9. exd6 Qxd6 10. Nc3 0-0 11. Ne4 Qd8 12. h3 Qb6 13. Bc4 Nf6 14. Neg5 e6 15. Re1 h6 16. Ne4 1/2-1/2

[Event "HUN-chT2 Barcza 0910"]
[Site "Hungary"]
[Date "2010.02.14"]
[Round "6.10"]
[White "Kiripolszky, Tamas"]
[Black "Solyom, Sandor"]
[Result "0-1"]
[WhiteElo "1946"]
[BlackElo "1743"]
[PlyCount "100"]
[EventDate "2009.11.08"]
[EventType "team-tourn"]
[EventRounds "11"]
[EventCountry "HUN"]
[SourceTitle "EXT 2011"]
[Source "ChessBase"]
[SourceDate "2010.11.26"]
[SourceVersion "1"]
[SourceVersionDate "2010.11.26"]
[SourceQuality "1"]
[WhiteTeam "HSSE"]
[BlackTeam "SSASSE"]
[WhiteTeamCountry "HUN"]
[BlackTeamCountry "HUN"]

1. e4 e6 2. Nf3 d5 3. e5 c5 4. b4 cxb4 5. a3 bxa3 6. d4 Nc6 7. c3 a6 8. Nxa3 Bxa3 9. Bxa3 Nge7 10. Bd3 Bd7 11. 0-0 Rc8 12. Qd2 Na7 13. Rfe1 Bb5 14. Bc2 Bc4 15. Re3 Nb5 16. Bb2 Nc6 17. Ne1 Na5 18. Rg3 g6 19. Qh6 Nb3 20. Ra3 Nxa3 21. Bxa3 Kd7 22. Qg7 Qg8 23. Qf6 Kc6 24. Qe7 Qf8 25. Qxf8 Rhxf8 26. Bxf8 Rxf8 27. Nd3 a5 28. Re3 b6 29. f4 Bxd3 30. Rxd3 Nc1 31. Rd2 Kb5 32. Bd1 Kc4 33. Rc2 a4 34. Rxc1 a3 35. Ra1 Ra8 36. Bc2 Kxc3 37. Ra2 b5 38. Bb1 Kxd4 39. Kf2 b4 40. Rd2+ Kc5 41. Ba2 Kb5 42. Bb3 Rc8 43. Rd3 a2 44. Bxa2 Rc2+ 45. Ke3 Rxa2 46. Kd4 Rxg2 47. Rh3 h5 48. Rg3 Rxg3 49. hxg3 b3 50. Kc3 Ka4 0-1